Reformation of the German accreditaiton system – status quo

Reformovanie nemeckého systému vzdelávnania podľa európskych štandardov. Kritické zhodnotenie súčasného stavu a reálne scenáre reorganizácie systému. Legislatíva k nemeckému systému vzdelávania.

Na minha lista:
Detalhes bibliográficos
Autor principal: Wieczorek, Susann
Outros Autores: Dorčák, Peter, 1979-
Formato: Capítulo de Livro
Idioma:inglês
Assuntos:
Tags: Adicionar Tag
Sem tags, seja o primeiro a adicionar uma tag!

MARC

LEADER 00000nla a2200000 4500
001 0233920
005 20240502083622.6
041 0 |a eng 
044 |a CZ 
245 1 0 |a Reformation of the German accreditaiton system – status quo  |c Susann Wieczorek, Peter Dorčák 
520 |a Reformovanie nemeckého systému vzdelávnania podľa európskych štandardov. Kritické zhodnotenie súčasného stavu a reálne scenáre reorganizácie systému. Legislatíva k nemeckému systému vzdelávania. 
610 2 0 |a Nemecko 
610 2 0 |a vzdelávanie 
610 2 0 |a akreditácia 
610 2 0 |a legislatíva 
100 1 |a Wieczorek, Susann 
700 1 |a Dorčák, Peter, 1979-